| 000 | 00958nam a22002537a 4500 | ||
|---|---|---|---|
| 005 | 20170124103042.0 | ||
| 010 | _aA-971546 | ||
| 020 | _c80.00 | ||
| 035 | _aA-971546 | ||
| 037 | _bCen Lib/Ret | ||
| 040 |
_aDPL _bHN |
||
| 082 |
_aक _bइकबा |
||
| 100 |
_aइकबालदीप _967680 |
||
| 245 |
_aइतनी सी बात / _cइकबालदीप |
||
| 246 |
_aItni si baat / _bby Iqbaldeep |
||
| 260 |
_aनई दिल्ली _bकृष्णा साहित्य सदन _c2000 |
||
| 270 |
_a263/2 महरौली _bनई दिल्ली _e110030 |
||
| 300 |
_a80पृ. _c21सेमी(सजिल्द ) |
||
| 650 |
_aहिंदी साहित्य _x _z _967681 |
||
| 650 |
_aहिंदी साहित्य--कहानियां _942761 |
||
| 650 |
_aHindi literature _v _967682 |
||
| 650 |
_aHindi literature--Stories _967683 |
||
| 942 |
_2ddc _cHN _hक _mइकबा |
||
| 999 |
_c116671 _d116671 |
||